| 000 | 00527nam a2200193Ia 4500 | ||
|---|---|---|---|
| 003 | OSt | ||
| 005 | 20250311125522.0 | ||
| 008 | 210210b1974 xxu||||| |||| 00| 0 eng d | ||
| 040 | _cAL | ||
| 041 | _aKannada | ||
| 082 | _aK894.3 ARYP | ||
| 100 |
_aARYAMBA PATTABHI. _dಆರ್ಯಾಂಬಾ ಪಟ್ಟಾಭಿ _9205590 |
||
| 245 |
_aPremakathe. _bಪ್ರೇಮ ಕಥೆ |
||
| 260 |
_aBengaluru _bPrakasha Sahitya _c1974 |
||
| 300 | _a160 | ||
| 690 |
_aKannada Fiction _9205591 |
||
| 906 | _a031350 | ||
| 942 |
_2ddc _cBK |
||
| 999 |
_c82474 _d82474 |
||